000 00311 a2200157 4500
001 173611
020 _a
040 _cMagnum
100 _aRocha, Ruth
240 1 0 _aO livro do papel
_lpor
245 1 0 _aO livro do papel
362 0 _a1899
440 1 _aMelhoramentos
697 _aIJ/GERAL
942 _cBK
999 _c173611
_d173611